000 00653nam a2200217Ia 4500
008 191130s2004##################000#0#eng##
020 _a9788176497244
040 _aACL
_cACL
082 _a658.452 CAR
100 _aCaroselli, Marlene
245 _aThinking on your feet : tools to communicate clearly and convincingly
_cMarlene Caroselli
250 _a1st Indian ed
260 _aNew Delhi ; Chennai
_bViva Books
_c2004
300 _a86 p. : ill. ; 22 cm
650 _aBusiness communication
650 _aOral communication
650 _aPublic speaking
990 _ab9b5ca9cac10000c08fec4c356917b28
991 _a228290
999 _c78180
_d78180